The Gregg reference manual : (Record no. 6650)

MARC details
000 -LEADER
fixed length control field 01739nam a22003857i 4500
003 - CONTROL NUMBER IDENTIFIER
control field URS
005 - DATE AND TIME OF LATEST TRANSACTION
control field 20220117094559.0
008 - FIXED-LENGTH DATA ELEMENTS--GENERAL INFORMATION
fixed length control field 160928b xxu||||| |||| 00| 0 eng d
010 ## - LIBRARY OF CONGRESS CONTROL NUMBER
LC control number 2004040335
020 ## - INTERNATIONAL STANDARD BOOK NUMBER
International Standard Book Number 0072936533 (alk. paper)
035 ## - SYSTEM CONTROL NUMBER
System control number (OCoLC)ocm54881994
040 ## - CATALOGING SOURCE
Original cataloging agency DLC
Description conventions rda
Transcribing agency DLC
Modifying agency YDX
-- DLC
Language of cataloging eng
050 00 - LIBRARY OF CONGRESS CALL NUMBER
Classification number PE1479.B87
Item number S1 2005
100 1# - MAIN ENTRY--PERSONAL NAME
Personal name Sabin, William A.
245 14 - TITLE STATEMENT
Title The Gregg reference manual :
Remainder of title a manual of style, grammar, usage, and formatting /
Statement of responsibility, etc. William A. Sabin.
250 ## - EDITION STATEMENT
Edition statement 10th ed.
264 #1 - PRODUCTION, PUBLICATION, DISTRIBUTION, MANUFACTURE, AND COPYRIGHT NOTICE
Place of production, publication, distribution, manufacture Boston :
Name of producer, publisher, distributor, manufacturer McGraw-Hill,
Date of production, publication, distribution, manufacture, or copyright notice [2005]
264 #4 - PRODUCTION, PUBLICATION, DISTRIBUTION, MANUFACTURE, AND COPYRIGHT NOTICE
Date of production, publication, distribution, manufacture, or copyright notice ©2005
300 ## - PHYSICAL DESCRIPTION
Extent xvi, 688 pages ;
Dimensions 24cm
336 ## - CONTENT TYPE
Content type term text
Content type code txt
Source rdacontent
337 ## - MEDIA TYPE
Media type term unmediated
Media type code n
Source rdamedia
338 ## - CARRIER TYPE
Carrier type term volume
Carrier type code nc
Source rdacarrier
500 ## - GENERAL NOTE
General note Includes index.
650 #0 - SUBJECT ADDED ENTRY--TOPICAL TERM
Topical term or geographic name entry element English language
General subdivision Business English
Form subdivision Handbooks, manuals, etc.
650 #0 - SUBJECT ADDED ENTRY--TOPICAL TERM
Topical term or geographic name entry element English language
General subdivision Grammar
Form subdivision Handbooks, manuals, etc.
650 #0 - SUBJECT ADDED ENTRY--TOPICAL TERM
Topical term or geographic name entry element English language
General subdivision Transcription
Form subdivision Handbooks, manuals, etc.
650 #0 - SUBJECT ADDED ENTRY--TOPICAL TERM
Topical term or geographic name entry element Business writing
Form subdivision Handbooks, manuals, etc.
856 42 - ELECTRONIC LOCATION AND ACCESS
Materials specified Publisher description
Uniform Resource Identifier <a href="http://www.loc.gov/catdir/description/mh051/2004040335.html">http://www.loc.gov/catdir/description/mh051/2004040335.html</a>
856 42 - ELECTRONIC LOCATION AND ACCESS
Materials specified Contributor biographical information
Uniform Resource Identifier <a href="http://www.loc.gov/catdir/bios/mh042/2004040335.html">http://www.loc.gov/catdir/bios/mh042/2004040335.html</a>
856 41 - ELECTRONIC LOCATION AND ACCESS
Materials specified Table of contents
Uniform Resource Identifier <a href="http://www.loc.gov/catdir/toc/mh041/2004040335.html">http://www.loc.gov/catdir/toc/mh041/2004040335.html</a>
906 ## - LOCAL DATA ELEMENT F, LDF (RLIN)
a 7
b cbc
c orignew
d 1
e ocip
f 20
g y-gencatlg
942 ## - ADDED ENTRY ELEMENTS (KOHA)
Source of classification or shelving scheme Library of Congress Classification
Koha item type Foreign Books
Holdings
Withdrawn status Source of classification or shelving scheme Damaged status Not for loan Collection code Home library Current library Shelving location Date acquired Total Checkouts Full call number Barcode Date last seen Copy number Price effective from Koha item type
  Library of Congress Classification     Reference Morong College Library Morong College Library   03/15/2022   PE 1479.B87 S23 2005 URSMOR-CL-25303 03/15/2022 1 01/16/2023 Foreign Books
  Library of Congress Classification     Reference Morong College Library Morong College Library   03/15/2022   PE 1479.B87 S23 2005 URSMOR-CL-25304 03/15/2022 2 01/16/2023 Foreign Books
  Library of Congress Classification     Non-fiction Pililla College Library Pililla College Library General Stacks 09/28/2016   808/.042 S1 2005 URSPIL-2606 07/24/2018 1 09/28/2016 Foreign Books
  Library of Congress Classification       Rodriguez College Library Rodriguez College Library Reference 06/14/2017   PE1479.B87 Sa135 2005 URSROD-3497 06/14/2017   06/14/2017 Foreign Books
  Library of Congress Classification       Tanay College Library Tanay College Library Reserve Section 05/09/2023   PE1479.B87 S1 2005 URSTAN-N1404 05/09/2023   05/09/2023 Foreign Books

University of Rizal System
Email us at univlibservices@urs.edu.ph

Visit our Website www.urs.edu.ph/library